000 00246nam a2200097Ia 4500
001 1253777
005 20251031151000.0
008 251031s9999 xx 000 0 und d
245 0 _cCEM ATLI
_aZ-2 KARAGÖZ İLE HACİVAT
260 _bERDEM YAYINLARI
999 _c1253777
_d1253777